| Record ID | ia:crystalpalacetha00gilb |
| Source | Internet Archive |
| Download MARC XML | https://archive.org/download/crystalpalacetha00gilb/crystalpalacetha00gilb_marc.xml |
| Download MARC binary | https://www.archive.org/download/crystalpalacetha00gilb/crystalpalacetha00gilb_meta.mrc |
LEADER: 02014cam a2200553Ia 4500
001 9927884150001551
005 20170720160638.0
008 871117s1851 enka 000 0 eng d
009 252971
019 $a973680705
035 $991-B2872
035 $a(OCoLC)16995574
035 $a252971
035 $a(CMalG)252971-gettydb-Voyager
035 $a(OCoLC)ocm16995574
040 $aAZS$beng$cAZS$dOCLCG$dSTF$dUKMGB$dOCLCA$dOCLCQ$dOCLCO$dIUL$dOCLCF$dBMC$dOCLCQ$dOCL$dAVA
049 $aJPGA
050 4 $aPR3991.A1$bC79 1851
100 1 $aGilbert, John,$d1817-1897.
245 14 $aThe Crystal Palace that Fox built :$ba pyramid of rhyme /$cwith nine illustrations by John Gilbert.
260 $aLondon :$bD. Bogue,$c1851.
300 $a30 pages :$billustrations ;$c18 cm
336 $atext$btxt$2rdacontent
337 $aunmediated$bn$2rdamedia
338 $avolume$bnc$2rdacarrier
520 0 $aA poem, based on a children's rhyme, about the Crystal Palace and the Great Exhibition of 1851.
610 20 $aCrystal Palace (Great Exhibition, 1851, London, England)
610 20 $aCrystal Palace (Great Exhibition, 1851, London, England)$vPoetry.
611 20 $aGreat Exhibition$d(1851 :$cLondon, England)
610 27 $aCrystal Palace (Great Exhibition, 1851, London, England)$2fast$0(OCoLC)fst01892207
611 27 $aGreat Exhibition.$2fast$0(OCoLC)fst01405143
655 7 $aPoetry.$2fast$0(OCoLC)fst01423828
711 2 $aGreat Exhibition$d(1851 :$cLondon, England)
905 1 $a1$b01/28/91 JJR$cMAI$eUO
906 1 $aWOOD
907 1 $bLGIP10$d200.00
908 1 $acorr pr/200.00,inv#636,invd910207,inrd910502
909 1 $aJME
921 $ab12556348$b06-08-98$c04-21-95$dsc$e20170720$fa
935 $ac
936 $c!blm
942 1 $b17 January 1991
947 $aoclc mm 5/97
948 $aOCLC D160706.R807645 20160725
960 1 $b0
981 1 $b1$c05/02/91 REC$dMAIN$eMAIN$i01/28/91 ORD
994 $aC0$bJPG
995 $a91-B02872
998 $s9668$nCMalG$lCJPA